000 00644nam a2200265Ia 4500
005 20260306163940.0
008 008 260114s9999 xx 000 0 eng d
020 _a9781529232110
037 _aEBOOK
040 _aCRL
040 _beng
040 _cCRL
041 _2eng
041 _aeng
084 _qCRL
100 _aDensley
_91129690
245 0 _aContesting County Lines: Case Studies In Drug Crime And Deviant Entrepreneurship
260 _bThe Policy Press
260 _c2023
650 _aLaw
856 _uhttps://academic.oup.com/book/51504
942 _cEBOOK
999 _c1712139
_d1712139